000 00488nam a22002297a 4500
003 UA-OsUOA
001 83075
007 ta
008 20120329b un ||||| |||| 00| 0 ukr d
100 _aDionne R.
090 _a929
942 _cBK
040 _aUA-OsUOA
_beng
_cUA-OsUOA
_dUA-OsUOA
245 _aAntoine Cerin-Lajoine Homme de Lettres
300 _a434 с.
955 _a2
041 _aeng
080 _a929
260 _aQuebec
_c1978
650 7 _2UDC
999 _c369389
_d369389